Mathematical physics (Record no. 6505)

MARC details
000 -LEADER
fixed length control field 01389 a2200301 4500
005 - DATE AND TIME OF LATEST TRANSACTION
control field 2008082901321.0
008 - FIXED-LENGTH DATA ELEMENTS--GENERAL INFORMATION
fixed length control field 080829t xxu||||| |||| 00| 0 eng d
010 ## - LIBRARY OF CONGRESS CONTROL NUMBER
LC control number ENG-87470-72
020 ## - INTERNATIONAL STANDARD BOOK NUMBER
International Standard Book Number 9788124113530 (pt.1)
Terms of availability 125.00 (pt.1)
020 ## - INTERNATIONAL STANDARD BOOK NUMBER
International Standard Book Number 9788124113547 (pt.2)
Terms of availability 125.00 (pt.2)
020 ## - INTERNATIONAL STANDARD BOOK NUMBER
International Standard Book Number 9788124113554 (pt.3)
Terms of availability 125.00 (pt.3)
035 ## - SYSTEM CONTROL NUMBER
System control number EN-71003-05
037 ## - SOURCE OF ACQUISITION
Source of stock number/acquisition DBAD / PUB
082 ## - DEWEY DECIMAL CLASSIFICATION NUMBER
Classification number 530.15
100 ## - MAIN ENTRY--PERSONAL NAME
Personal name Anand, J.D.
245 ## - TITLE STATEMENT
Title Mathematical physics
Statement of responsibility, etc by J.D. Anand, P.K. Mittal [and] Ajay Wadhwa
250 ## - EDITION STATEMENT
Edition statement 3rd repr.
260 ## - PUBLICATION, DISTRIBUTION, ETC. (IMPRINT)
Place of publication, distribution, etc New Delhi
Name of publisher, distributor, etc Har-Anand Publications
Date of publication, distribution, etc 2007
270 ## - ADDRESS
Address E-49/3, Okhla Industrial Area, Phase-II,
City New Delhi
Postal code 110 020
300 ## - PHYSICAL DESCRIPTION
Extent 3 pts. (325p.; 313p.; 398p.)
Dimensions 21cm (pbk )
500 ## - GENERAL NOTE
General note This book published in 3 parts.
700 ## - ADDED ENTRY--PERSONAL NAME
Personal name Mittal, P.K.
700 ## - ADDED ENTRY--PERSONAL NAME
Personal name Wadhwa, Ajay
942 ## - ADDED ENTRY ELEMENTS (KOHA)
Institution code [OBSOLETE] dpl
Koha item type English Books
Call number prefix 530.15 / ANA
Source of classification or shelving scheme Dewey Decimal Classification
Classification part 530.15
Call number suffix ANA
Holdings
Withdrawn status Lost status Damaged status Not for loan Home library Current library Date acquired Cost, normal purchase price Total Checkouts Total Renewals Full call number Barcode Date last seen Copy number Uniform Resource Identifier Cost, replacement price Price effective from Koha item type
        D.B.Act.Division D.B.Act.Division 29/08/2008 125.00     530.15 ANA EN-71003 15/09/2008 1 6995 125.00 15/09/2008 English Books
        D.B.Act.Division D.B.Act.Division 29/08/2008 125.00     530.15 ANA EN-71004 15/09/2008 1 6996 125.00 15/09/2008 English Books
        D.B.Act.Division D.B.Act.Division 29/08/2008 125.00     530.15 ANA EN-71005 15/09/2008 1 6997 125.00 15/09/2008 English Books

© Delhi Public Library
Hit Counter
free hit counter